[Event "Gdansk-ch 5th"]
[Site "Gdansk"]
[Date "2003.11.17"]
[Round "7"]
[White "Pilecki, Adam"]
[Black "Panek, Tadeusz"]
[Result "1/2-1/2"]
[WhiteElo "1800"]
[BlackElo "2100"]
[PlyCount "31"]
[EventDate "2003.11.07"]
[EventType "swiss"]
[EventRounds "9"]
[EventCountry "POL"]
[SourceTitle "EXT 2008"]
[Source "ChessBase"]
[SourceDate "2007.11.25"]
[SourceVersion "1"]
[SourceVersionDate "2007.11.25"]
[SourceQuality "1"]

1. e4 e6 2. d4 d5 3. Nc3 Bb4 4. e5 c5 5. a3 cxd4 6. axb4 dxc3 7. bxc3 Qc7 8. Qd4 Nc6 9. Bb5 Nge7 10. Nf3 0-0 11. Qc5 Ng6 12. 0-0 Bd7 13. Bxc6 Qxc6 14. Be3 b6 15. Qxc6 Bxc6 16. Rfe1 1/2-1/2

[Event "Gdansk-ch 5th"]
[Site "Gdansk"]
[Date "2003.11.08"]
[Round "2"]
[White "Pilecki, Adam"]
[Black "Czyrson, Krystian"]
[Result "1-0"]
[WhiteElo "1800"]
[BlackElo "1969"]
[PlyCount "51"]
[EventDate "2003.11.07"]
[EventType "swiss"]
[EventRounds "9"]
[EventCountry "POL"]
[SourceTitle "EXT 2008"]
[Source "ChessBase"]
[SourceDate "2007.11.25"]
[SourceVersion "1"]
[SourceVersionDate "2007.11.25"]
[SourceQuality "1"]

1. e4 e6 2. d4 d5 3. Nc3 dxe4 4. Nxe4 Bd7 5. Nf3 Bc6 6. Bd3 Nd7 7. c3 Ngf6 8. Nxf6+ Nxf6 9. 0-0 Be7 10. Ne5 Qd5 11. Nxc6 Qxc6 12. a4 a6 13. Bb5 axb5 14. axb5 Qxg2+ 15. Kxg2 Rxa1 16. Qf3 Ra7 17. c4 0-0 18. Kh1 Rd8 19. Be3 b6 20. Rb1 g6 21. h4 h5 22. Bg5 Kg7 23. Qf4 Ng8 24. Bxe7 Nxe7 25. Qe5+ Kh7 26. Qf6 1-0